000 00289nam a2200109 a 4500
005 20201002044921.0
008 140403s1971 000 spa d
100 _aEspronceda
_971505
245 3 _aEl estudiante de salamanca.
260 _aMadrid -- Libra,
_c1971 -- 180 p.
999 _c43170
_d43170
040 _aDO-SdBNP